J - Things that start with the letter 'J' - Statistics

General Stats
  • This quiz has been taken 577 times
  • The average score is 10 of 20
Answer Stats
Hint Answer % Correct
The month named after Julius Caesar July
99%
Fifth planet from the Sun Jupiter
96%
Her surname was Capulet and she was famous for falling in love with a Montague Juliet
80%
Game show presented by Alex Trebek Jeopardy
77%
First name of the cricket in Disney's Pinocchio Jiminy
68%
Home of Marley and Bolt Jamaica
65%
Petra, one of the new seven wonders of the world is in this country Jordan
65%
A berry used to flavour gin Juniper
63%
_____ Curran, Forrest Gump's childhood friend Jenny
49%
Roger's human Toon wife Jessica
46%
Scott ______, also known as the 'King of Ragtime' Joplin
45%
Earvin _______, former Lakers point guard Johnson
44%
Nickname for Dubya's younger brother Jeb
42%
Government led by a committee of military leaders Junta
42%
A verb meaning to throw or eject from a ship, aircraft or vehicle Jettison
39%
A type of artichoke Jerusalem
28%
Biblical prophet sometimes called, 'The Weeping Prophet' Jeremiah
23%
An Illinois prison that operated between1858 and 2002 Joliet
18%
Members of the landed nobility of pre-1944 Prussia Junkers
3%
A practioner of the 'gentle way' is known as a ______ Judoka
2%
No matching quizzes found
Score Distribution
Percent of People with Each Score
Percentile by Number Answered
Your Score History
You have not taken this quiz